| 000 | 00325 a2200109 4500 | ||
|---|---|---|---|
| 000 | nam a22 7a 4500 | ||
| 005 | 20260205145531.0 | ||
| 100 |
_aHuang, Kui _91113953 |
||
| 245 | _aOccurrence and Behavior of Emerging Contaminants in Organic Wastes and their Control Strategies | ||
| 260 |
_bElsevier _c2024 |
||
| 942 | _cTEXL | ||
| 999 |
_c1678705 _d1678705 |
||